La nación haitiana / (Registro nro. 15045)

Detalles MARC
000 -LIDER
fixed length control field 00912nam a2200265 a 4500
001 - NÚMERO DE CONTROL
Identificador de número de control 000025525
003 - IDENTIFICACDOR DE NÚMERO DE CONTROL
control field DO-SdBPM
005 - DATE AND TIME OF LATEST TRANSACTION
control field 20250509094700.0
008 - ELEMENTOS DE LONGITUD FIJA
fixed length control field 110217s1984 dr 001 0 spa d
040 ## - FUENTE DE CATALOGACIÓN
Agencia que crea de manera original el registro DO-SdBNP
Idioma de catalogación spa
Agencia que realiza la transcripción BPMSU
Convenciones de la despripción
082 #4 - NÚMERO DE CLASIFICACIÓN DECIMAL DE DEWEY
Classification number 972.94
Item number B439n 1984
Edition number 22
100 1# - ASIENTO PRINCIPAL -- NOMBRE PERSONAL
Nombre personal Bellegarde, Dantes
Fechas asociadas con el nombre 1877-1966
245 13 - MENCIÓN DE TITULO
Título La nación haitiana /
Mención de responsabilidad Dantes Bellegarde.
260 ## - PUBLICACIÓN, DISTRIBUCIÓN, ETC. (PIE DE IMPRENTA)
Lugar de publicación, distribución, etc Santo Domingo :
Nombre del editor, distribuidor, etc. Sociedad Dominicana de Bibliófilos,
Fecha de publicación, distribución, etc 1984.
Impresor
300 ## - DESCRIPCIÓN FÍSICA
Extensión 429 p. ;
Dimensiones 25 cm.
490 0# - MENCIÓN DE SERIES
Mención de serie Sociedad Dominicana de bibliófilos.
-- cultura dominicana,
Volume/sequential designation 54
500 ## - NOTA GENERAL
Nota general Incluye referencias bibliográficas y notas al pie de las páginas.
504 ## - NOTA DE BIBLIOGRAFÍA, ETC.
Bibliography, etc Bibliografía: p. 411-420.
590 ## - NOTA LOCAL
Texto de la nota local Inventariado, 2025/VM
651 #4 - ENCABEZAMIENTO DE MATERIA--NOMBRE GEOGRÁFICO
Nombre geográfico Haití
Subdivisión temática general Historia
651 #4 - ENCABEZAMIENTO DE MATERIA--NOMBRE GEOGRÁFICO
Nombre geográfico Haití
Subdivisión temática general Política y gobierno
651 #4 - ENCABEZAMIENTO DE MATERIA--NOMBRE GEOGRÁFICO
Nombre geográfico Haití
Subdivisión temática general Condiciones sociales
910 ## - VALIDACIÓN
Validación VMateo V. Control de calidad. BPMSU
942 ## - ADDED ENTRY ELEMENTS (KOHA)
Source of classification or shelving scheme Dewey Decimal Classification
Koha item type Libros
Existencias
Withdrawn status Lost status Source of classification or shelving scheme Damaged status Not for loan Collection code Home library Current library Date acquired Total Checkouts Full call number Barcode Date last seen Price effective from Koha item type
    Dewey Decimal Classification     Colección Dominicana Biblioteca Pública Metropolitana Salomé Ureña Biblioteca Pública Metropolitana Salomé Ureña 05/09/2025   BPMSU CD 972.94 B439n 1984 BPMSU25050014 05/09/2025 05/09/2025 Libros